Southville International School and Colleges
Your cart is empty.
  • Cart
  • Lists
    Public lists Eva Luna New books Lux_list list_1
    Your lists Log in to create your own lists
  • Log in to your account
  • Your cookies
  • Search history
Southville International School and Colleges
  • Advanced search
  • Recent comments
  • Most popular
  • Libraries

Log in to your account

Log in with GOOGLE


If you do not have an external account, but do have a local account, you can still log in:

  1. Home
  2. MARC view: Life of Dr. Jose P. Rizal : a modular approach based on the CHED curriculum
Normal view MARC view ISBD view

Life of Dr. Jose P. Rizal : a modular approach based on the CHED curriculum (Record no. 365795)

[ view plain ]
MARC details
000 -LEADER
fixed length control field 00633nam a22001937a 4500
003 - CONTROL NUMBER IDENTIFIER
control field 0
005 - DATE AND TIME OF LATEST TRANSACTION
control field 20231227141756.0
008 - FIXED-LENGTH DATA ELEMENTS--GENERAL INFORMATION
fixed length control field 231227b xxu||||| |||| 00| 0 eng d
020 ## - INTERNATIONAL STANDARD BOOK NUMBER
International Standard Book Number 978-621-406-203-4
050 ## - LIBRARY OF CONGRESS CALL NUMBER
Classification number DS 675
Item number .P36 2018
082 ## - DEWEY DECIMAL CLASSIFICATION NUMBER
Classification number DS 675
Item number .P36 2018
100 ## - MAIN ENTRY--PERSONAL NAME
Personal name Pangilinan, Michael C.
245 ## - TITLE STATEMENT
Title Life of Dr. Jose P. Rizal : a modular approach based on the CHED curriculum
Statement of responsibility, etc Michael C. Pangilinan
260 ## - PUBLICATION, DISTRIBUTION, ETC. (IMPRINT)
Place of publication, distribution, etc Manila
Name of publisher, distributor, etc Mindshapers Co., Inc.
Date of publication, distribution, etc c2018.
300 ## - PHYSICAL DESCRIPTION
Extent 316 pages ;
Dimensions 25cm.
504 ## - BIBLIOGRAPHY, ETC. NOTE
Bibliography, etc Includes bibliographical references and indexes.
650 ## - SUBJECT ADDED ENTRY--TOPICAL TERM
Topical term or geographic name as entry element Rizal, Jose, 1861-1896.
942 ## - ADDED ENTRY ELEMENTS (KOHA)
Source of classification or shelving scheme Library of Congress Classification
Koha item type Books
Holdings
Withdrawn status Lost status Source of classification or shelving scheme Damaged status Home library Current library Shelving location Date acquired Source of acquisition Total Checkouts Full call number Barcode Date last seen Price effective from Koha item type Sub Shelving location Date checked out
    Library of Congress Classification   College Library College Library Filipiniana Section 12/27/2023 Library Fund   DS 675 .P36 2018 C23209 12/27/2023 12/27/2023 Books    
    Library of Congress Classification   College Library College Library Filipiniana Section 12/27/2023 Library Fund 1 DS 675 .P36 2018 C23208 12/16/2024 12/27/2023 Books   11/07/2024

Life of Dr. Jose P. Rizal : a modular approach based on the CHED curriculum

APA

Pangilinan M. C., . (2018). Life of Dr. Jose P. Rizal : a modular approach based on the CHED curriculum. Manila: Mindshapers Co., Inc.

Chicago

Pangilinan Michael C, . 2018. Life of Dr. Jose P. Rizal : a modular approach based on the CHED curriculum. Manila: Mindshapers Co., Inc.

Harvard

Pangilinan M. C., . (2018). Life of Dr. Jose P. Rizal : a modular approach based on the CHED curriculum. Manila: Mindshapers Co., Inc.

MLA

Pangilinan Michael C, . Life of Dr. Jose P. Rizal : a modular approach based on the CHED curriculum. Manila: Mindshapers Co., Inc. 2018.

  • Place hold
  • Print
  • Cite
  • Add to your cart (remove)
  • Save record
    BIBTEX Dublin Core MARCXML MARC (non-Unicode/MARC-8) MARC (Unicode/UTF-8) MARC (Unicode/UTF-8, Standard) MODS (XML) RIS
  • More searches
    Search for this title in:
    Other Libraries (WorldCat) Other Databases (Google Scholar) Online Stores (Bookfinder.com) Open Library (openlibrary.org)

Exporting to Dublin Core...

SOUTHVILLE LIBRARY

Southville International School and Colleges Library

1281 Tropical Ave. Cor. Luxembourg St., BF Homes International, Las Pinas City

Tel. No. 8256374 / 252358 Loc. 117/146

Powered by Koha